000 00655nam a22001577a 4500
005 20250903100410.0
008 240830b ||||| |||| 00| 0 eng d
082 _aDPer 364.05 P538 2020 v. 1 iss. 1-2
100 _aTuguinay, Silkie C.
_eauthor.
_959479
245 _aThe simula ng pag-asa program of Cavite :
_btowards the reformation of drug surrenderees /
_cSilkie C. Tuguinay.
260 _aPhilippines ;
_bChapterhouse Publishing Inc. ,
_c2020.
300 _aVolume 1, pages 123-165 ;
_c26 cm.
500 _aPhilippine Criminology Journal, vol. 1, iss. 2, pages 123-165, 2020.
700 _aTuguinay, Silkie C.
_eauthor.
_959479
942 _2ddc
_cPER
999 _c21079
_d21079